000 00575nam a2200229Ia 4500
003 OSt
005 20220918204037.0
006 a|||||r|||| 00| 0
007 ta
008 220917b |||||||| |||| 00| 0 eng d
024 _a110,783
037 _cTextual
040 _aARTS
_cARTS
_beng
041 _2eng
_aeng
082 _aV5:77:9U42, J0
100 _aChilde V Gordon
_996818
245 0 _aPrehistoric migrations in Europe
260 _c1950
650 _aHISTORY
942 _hV5:77:9U42, J0
_cTEXL
_2CC
999 _c234133
_d234133